000 01021cam a2200277 a 4500
005 20150707153941.0
008 150707t 1993xxu fr 001 0 eng d
015 _aNNN
020 _a9780664253844
020 _a0664253849
040 _aCO-BoUCM
_bspa
_cJose A. Gerena
_dJose A. Gerena
041 0 _aeng
100 1 _aPannenberg, Wolfhart
_969889
245 1 0 _aToward a theology of nature
_bessays on science and faith
_cWolfhart Pannenberg ; editado por Ted Peters
260 _aLouisville (Kentucky, Estados Unidos)
_bWestminster / John Knox Press
_c1993
300 _ax, 166 páginas
504 _aIncluye referencias bibliográficas e índices
650 7 _aReligión y ciencia
_923504
650 7 _aNaturaleza
_97858
_xAspectos religiosos
650 7 _aCreacionismo
_912088
_xAspectos religiosos
650 7 _aFe
_915612
690 _942816
_aFilosofía de la religión
700 1 _aPeters, Ted
_eeditor
_969890
942 _2DEWEY
_a4
_cLIBRO
_e1
_h261.55
_mP194
999 _c299881
_d299881